[Event "Portoroz op 10th"]
[Site "Portoroz"]
[Date "2016.07.25"]
[Round "4"]
[White "Opalic, David"]
[Black "Zaloznik, Vesna"]
[Result "1-0"]
[WhiteElo "1760"]
[BlackElo "1493"]
[PlyCount "69"]
[EventDate "2016.07.23"]
[EventType "swiss"]
[EventRounds "9"]
[EventCountry "SLO"]
[SourceTitle "CBM 173 Extra"]
[Source "ChessBase"]
[SourceDate "2016.08.29"]
[SourceVersion "1"]
[SourceVersionDate "2016.08.29"]
[SourceQuality "1"]

1. e4 e5 2. Nf3 Nc6 3. d4 exd4 4. Nxd4 Bc5 5. Nb3 Bb6 6. Nc3 d6 7. Qe2 Nf6 8. Be3 Be6 9. 0-0-0 Ng4 10. Bxb6 axb6 11. f3 Nge5 12. Kb1 0-0 13. g4 Qf6 14. Bg2 Bc4 15. Qe3 Nb4 16. h3 Ra7 17. f4 Nec6 18. g5 Qe7 19. f5 g6 20. f6 Qe6 21. Qg3 Rfa8 22. Qh4 Qe8 23. a3 Bxb3 24. cxb3 Rxa3 25. bxa3 Rxa3 26. Kb2 Qa8 27. Na4 Ra2+ 28. Kb1 Rxg2 29. e5 dxe5 30. Qh6 Qf8 31. Rhe1 Rg3 32. Rxe5 Rxb3+ 33. Nb2 Nd3 34. Re8 Rxb2+ 35. Ka1 1-0

[Event "SLO-chT U16"]
[Site "Debeli Rtic"]
[Date "2015.05.15"]
[Round "2"]
[White "Meglic, Jaka"]
[Black "Opalic, David"]
[Result "1-0"]
[WhiteElo "1746"]
[BlackElo "1776"]
[PlyCount "93"]
[EventDate "2015.05.15"]
[EventType "swiss"]
[EventRounds "6"]
[EventCountry "SLO"]
[SourceTitle "EXT 2023"]
[Source "ChessBase"]
[SourceDate "2022.10.05"]
[SourceVersion "1"]
[SourceVersionDate "2022.10.05"]
[SourceQuality "1"]

1. e4 e5 2. Nf3 Nc6 3. Bb5 a6 4. Ba4 Nf6 5. 0-0 b5 6. Bb3 Bb7 7. d3 Be7 8. Nc3 0-0 9. h3 d6 10. Nd5 Nxd5 11. Bxd5 Na5 12. Bxb7 Nxb7 13. d4 exd4 14. Nxd4 Bf6 15. c3 Re8 16. Qg4 Nc5 17. Nc6 Qd7 18. Qxd7 Nxd7 19. f3 Ne5 20. Nxe5 Rxe5 21. Bf4 Rc5 22. Be3 Rc4 23. Rac1 Re8 24. Rfd1 h6 25. Kf2 Kh7 26. Bd4 Kg6 27. b3 Rc6 28. Bxf6 Kxf6 29. Rd5 Re5 30. Ke3 Rc5 31. Rxc5 Rxc5 32. Kd4 Ke6 33. f4 b4 34. c4 g5 35. g3 c6 36. Re1 f6 37. h4 a5 38. hxg5 hxg5 39. Rh1 gxf4 40. gxf4 Kf7 41. Rh7+ Ke8 42. Rh8+ Ke7 43. Rh7+ Ke8 44. Rc7 f5 45. e5 a4 46. Ra7 axb3 47. axb3 1-0

[Event "SLO-ch U16"]
[Site "Bled"]
[Date "2015.02.26"]
[Round "9"]
[White "Opalic, David"]
[Black "Zunic, Gregor"]
[Result "1/2-1/2"]
[WhiteElo "1745"]
[BlackElo "1594"]
[PlyCount "82"]
[EventDate "2015.02.21"]
[EventType "swiss"]
[EventRounds "9"]
[EventCountry "SLO"]
[SourceTitle "EXT 2023"]
[Source "ChessBase"]
[SourceDate "2022.10.05"]
[SourceVersion "1"]
[SourceVersionDate "2022.10.05"]
[SourceQuality "1"]

1. e4 c5 2. c3 Nf6 3. e5 Nd5 4. d4 cxd4 5. Nf3 Nc6 6. cxd4 d6 7. Bc4 Nb6 8. Bb5 e6 9. Nc3 Bd7 10. 0-0 Be7 11. Qe2 0-0 12. Qe4 d5 13. Qg4 f5 14. Qg3 a6 15. Be2 Rc8 16. Rd1 Kh8 17. Bg5 Be8 18. Rac1 h6 19. Bxe7 Qxe7 20. a3 Na5 21. Nd2 Nbc4 22. Nxc4 Nxc4 23. Rc2 Rc7 24. Rdc1 Qd7 25. Bxc4 dxc4 26. Ne2 b5 27. b4 Bf7 28. Rc3 Qd5 29. Qe3 Rd8 30. h4 Qe4 31. g3 Qxe3 32. fxe3 g5 33. Kh2 Bh5 34. Ng1 Bg4 35. R1c2 Kg7 36. Kg2 Ra8 37. Nf3 Bxf3+ 38. Kxf3 Kg6 39. hxg5 hxg5 40. Rh2 Rh7 41. Rxh7 Kxh7 1/2-1/2

[Event "SLO-ch U16"]
[Site "Bled"]
[Date "2015.02.22"]
[Round "4"]
[White "Zamar Kodelja, Jurij"]
[Black "Opalic, David"]
[Result "1/2-1/2"]
[WhiteElo "2058"]
[BlackElo "1745"]
[PlyCount "96"]
[EventDate "2015.02.21"]
[EventType "swiss"]
[EventRounds "9"]
[EventCountry "SLO"]
[SourceTitle "EXT 2023"]
[Source "ChessBase"]
[SourceDate "2022.10.05"]
[SourceVersion "1"]
[SourceVersionDate "2022.10.05"]
[SourceQuality "1"]

1. d4 d5 2. Nf3 Nf6 3. e3 c6 4. c4 e6 5. Nc3 Nbd7 6. Bd3 dxc4 7. Bxc4 b5 8. Bd3 Bb7 9. 0-0 a6 10. Qe2 b4 11. Na4 Qa5 12. b3 c5 13. dxc5 Nxc5 14. Nxc5 Bxc5 15. Bb2 Bd6 16. e4 0-0 17. e5 Bxf3 18. gxf3 Bc7 19. f4 Nd7 20. Rac1 Bb6 21. Bb1 Rfd8 22. Rc4 Nc5 23. f5 exf5 24. Bxf5 Ne6 25. Bxe6 fxe6 26. Qg4 Re8 27. Rxb4 Qxa2 28. Rxb6 Qxb2 29. Re1 Qc3 30. Re3 Qc8 31. Qe4 Rb8 32. Rc6 Qb7 33. Rh3 g6 34. Rhc3 Rbc8 35. Qc4 Rxc6 36. Qxc6 Qxc6 37. Rxc6 Rb8 38. Rxa6 Rxb3 39. Rxe6 Kf7 40. Rc6 Rb5 41. f4 h5 42. h4 Rb2 43. Rf6+ Kg7 44. f5 gxf5 45. Rxf5 Kg6 46. Rg5+ Kh6 47. Rg2 Rxg2+ 48. Kxg2 Kg6 1/2-1/2

[Event "SLO-ch U20"]
[Site "Smarjeske Toplice"]
[Date "2014.06.30"]
[Round "9"]
[White "Subelj, Jan"]
[Black "Opalic, David"]
[Result "0-1"]
[WhiteElo "1659"]
[BlackElo "1736"]
[PlyCount "130"]
[EventDate "2014.06.24"]
[EventType "swiss"]
[EventRounds "9"]
[EventCountry "SLO"]
[SourceTitle "EXT 2019"]
[Source "ChessBase"]
[SourceDate "2018.10.10"]
[SourceVersion "1"]
[SourceVersionDate "2018.10.10"]
[SourceQuality "1"]

1. e4 e5 2. Nf3 Nc6 3. Bc4 Nf6 4. d3 Be7 5. Nc3 d6 6. h3 0-0 7. Be3 Ne8 8. 0-0 Kh8 9. Nh2 f5 10. Nd5 f4 11. Nxe7 Qxe7 12. Bd2 Qg5 13. Kh1 Ne7 14. Rg1 Qh4 15. Be1 Nf6 16. Qf3 g5 17. g4 Bd7 18. Qg2 Rad8 19. f3 Qh6 20. Bc3 Ng6 21. d4 Bc6 22. d5 Be8 23. Be1 Bf7 24. Bd3 Rg8 25. c4 Nh4 26. Bxh4 Qxh4 27. Bf1 h5 28. b4 hxg4 29. hxg4 Kg7 30. a4 Rh8 31. Ra2 Rh7 32. Qf2 Qh6 33. Rg2 b6 34. a5 Nd7 35. axb6 axb6 36. Ra7 Rc8 37. c5 bxc5 38. Bb5 Nf8 39. bxc5 dxc5 40. Qxc5 Ng6 41. Rxc7 Rch8 42. Bf1 Nh4 43. Qe7 Qf6 44. Qxf6+ Kxf6 45. Rf2 Nxf3 46. Rxf3 Rxh2+ 47. Kg1 R2h4 48. Rb3 Rxg4+ 49. Bg2 Rf8 50. Kf2 Ra8 51. Rbb7 Ra2+ 52. Kf1 Rgxg2 53. Rxf7+ Kg6 54. Rg7+ Kh5 55. Rh7+ Kg4 56. Rb1 Kf3 57. Rb3+ Kxe4 58. Rf7 Kxd5 59. Rd7+ Ke4 60. Rb4+ Kf3 61. Rd3+ Kg4 62. Re4 Kf5 63. Rb4 g4 64. Rd5 f3 65. Rb1 g3 0-1

[Event "SLO-chT U16"]
[Site "Moravske Toplice"]
[Date "2014.05.18"]
[Round "5"]
[White "Opalic, David"]
[Black "Acimovic, Vasja"]
[Result "1-0"]
[WhiteElo "1736"]
[BlackElo "1555"]
[PlyCount "71"]
[EventDate "2014.05.16"]
[EventType "team-swiss"]
[EventRounds "6"]
[EventCountry "SLO"]
[SourceTitle "EXT 2022"]
[Source "ChessBase"]
[SourceDate "2021.10.06"]
[SourceVersion "1"]
[SourceVersionDate "2021.10.06"]
[SourceQuality "1"]

1. e4 c6 2. d4 d5 3. Nc3 dxe4 4. Nxe4 Bf5 5. Ng3 Bg6 6. h4 h6 7. Nf3 Nd7 8. h5 Bh7 9. Bd3 Bxd3 10. Qxd3 Qc7 11. Be3 Ngf6 12. Ne4 Nxe4 13. Qxe4 e6 14. Bf4 Bd6 15. Ne5 Nf6 16. Qe2 0-0-0 17. 0-0-0 Nd5 18. Bg3 Rhf8 19. Kb1 Qb6 20. Qd3 Qc7 21. c4 Nf6 22. Qe2 c5 23. dxc5 Qxc5 24. Nxf7 Qf5+ 25. Ka1 Rxf7 26. Rxd6 Rxd6 27. Bxd6 Ne4 28. Bg3 Nxg3 29. fxg3 e5 30. a3 e4 31. Rd1 Re7 32. Rd4 Qf7 33. Qg4+ Kb8 34. Rd8+ Kc7 35. Qc8+ Kb6 36. Rd6+ 1-0

[Event "SLO-chT U16"]
[Site "Moravske Toplice"]
[Date "2014.05.16"]
[Round "1"]
[White "Dobrovoljc, Vid"]
[Black "Opalic, David"]
[Result "0-1"]
[WhiteElo "1833"]
[BlackElo "1736"]
[PlyCount "52"]
[EventDate "2014.05.16"]
[EventType "team-swiss"]
[EventRounds "6"]
[EventCountry "SLO"]
[SourceTitle "EXT 2022"]
[Source "ChessBase"]
[SourceDate "2021.10.06"]
[SourceVersion "1"]
[SourceVersionDate "2021.10.06"]
[SourceQuality "1"]

1. e4 e5 2. Nf3 Nc6 3. Bb5 a6 4. Ba4 Nf6 5. 0-0 b5 6. Bb3 Bb7 7. Re1 Bc5 8. c3 d6 9. d4 Bb6 10. a4 0-0 11. axb5 axb5 12. Rxa8 Qxa8 13. Bg5 Nd7 14. Na3 Na5 15. d5 Ba6 16. Bc2 Nc4 17. Bc1 Qa7 18. Re2 Nxa3 19. bxa3 b4 20. cxb4 Bxe2 21. Qxe2 Rc8 22. Bb3 Nf6 23. h3 Bd4 24. Kh2 Bxf2 25. Bb2 Nh5 26. Nxe5 Bg1+ 0-1

[Event "SLO-ch 23rd"]
[Site "Sentjur"]
[Date "2013.04.14"]
[Round "9"]
[White "Milovanovic, Srecko"]
[Black "Opalic, David"]
[Result "1-0"]
[WhiteElo "1924"]
[BlackElo "1683"]
[PlyCount "28"]
[EventDate "2013.04.06"]
[EventType "swiss"]
[EventRounds "9"]
[EventCountry "SLO"]
[SourceTitle "CBM 153 Extra"]
[Source "ChessBase"]
[SourceDate "2013.04.22"]
[SourceVersion "1"]
[SourceVersionDate "2013.04.22"]
[SourceQuality "1"]

1. e4 e5 2. Nf3 Nc6 3. Bc4 Nf6 4. Nc3 d6 5. Ng5 Bg4 6. Bxf7+ Ke7 7. f3 Bd7 8. Bb3 Be8 9. Ne6 Qd7 10. d4 Bh5 11. Bg5 h6 12. Nd5+ Kxe6 13. Nxf6+ Ke7 14. Nxd7+ Kxd7 1-0

[Event "SLO-ch 23rd"]
[Site "Sentjur"]
[Date "2013.04.13"]
[Round "8"]
[White "Petauer, Eva"]
[Black "Opalic, David"]
[Result "1/2-1/2"]
[WhiteElo "1576"]
[BlackElo "1683"]
[PlyCount "22"]
[EventDate "2013.04.06"]
[EventType "swiss"]
[EventRounds "9"]
[EventCountry "SLO"]
[SourceTitle "CBM 153 Extra"]
[Source "ChessBase"]
[SourceDate "2013.04.22"]
[SourceVersion "1"]
[SourceVersionDate "2013.04.22"]
[SourceQuality "1"]

1. e4 e5 2. Nf3 Nc6 3. Bc4 Nf6 4. d3 Be7 5. 0-0 0-0 6. Re1 d6 7. c3 Na5 8. Bb5 a6 9. Ba4 b5 10. Bc2 c5 11. Nbd2 Nc6 1/2-1/2

[Event "Wch U14"]
[Site "Maribor"]
[Date "2012.11.16"]
[Round "9.69"]
[White "Opalic, David"]
[Black "Kodric, Tilen"]
[Result "1/2-1/2"]
[WhiteElo "1715"]
[BlackElo "1497"]
[PlyCount "84"]
[EventDate "2012.11.08"]
[EventType "swiss"]
[EventRounds "11"]
[EventCountry "SLO"]
[SourceTitle "EXT 2013"]
[Source "ChessBase"]
[SourceDate "2012.11.22"]
[SourceVersion "1"]
[SourceVersionDate "2012.11.22"]
[SourceQuality "1"]

1. e4 d6 2. d4 Nf6 3. Nc3 Nbd7 4. Nf3 e5 5. Bc4 Be7 6. 0-0 0-0 7. Re1 c6 8. a4 h6 9. h3 Re8 10. Qd3 Qc7 11. Nh4 Nf8 12. dxe5 dxe5 13. Qg3 Nh5 14. Qf3 Bxh4 15. Qxh5 Qe7 16. Bxf7+ Qxf7 17. Qxh4 Ng6 18. Qh5 Rf8 19. Be3 Qf6 20. Rad1 Nf4 21. Bxf4 Qxf4 22. Re2 Be6 23. b3 Kh7 24. Red2 g6 25. Qe2 Qg5 26. Rd3 Rad8 27. Rxd8 Rxd8 28. Rxd8 Qxd8 29. Qe3 b6 30. a5 h5 31. axb6 axb6 32. Qg3 Qd4 33. Kh2 b5 34. Qf3 Kg7 35. Nd1 c5 36. Ne3 c4 37. bxc4 Bxc4 38. Nxc4 Qxc4 39. Qb3 Qxe4 40. Qxb5 Qf4+ 41. Kg1 Qc1+ 42. Kh2 Qf4+ 1/2-1/2

[Event "Sentjur Ipavec Memorial 13th"]
[Site "Sentjur"]
[Date "2012.09.23"]
[Round "6"]
[White "Unuk, Laura"]
[Black "Opalic, David"]
[Result "1-0"]
[WhiteElo "1938"]
[BlackElo "1697"]
[PlyCount "82"]
[EventDate "2012.09.19"]
[EventType "swiss"]
[EventRounds "9"]
[EventCountry "SLO"]
[SourceTitle "EXT 2015"]
[Source "ChessBase"]
[SourceDate "2014.11.20"]
[SourceVersion "1"]
[SourceVersionDate "2014.11.20"]
[SourceQuality "1"]

1. d4 d5 2. c4 c6 3. Nf3 e6 4. Nc3 Nf6 5. e3 Nbd7 6. Qc2 Bd6 7. Bd3 0-0 8. 0-0 dxc4 9. Bxc4 a6 10. a4 c5 11. Rd1 Qc7 12. Bd3 cxd4 13. exd4 b6 14. h3 Bb7 15. Ng5 h6 16. Nh7 Rfd8 17. Nxf6+ Nxf6 18. Be3 Rac8 19. Qe2 Qc6 20. Qf1 Ra8 21. Rac1 Qd7 22. d5 exd5 23. Bxb6 Bh2+ 24. Kxh2 Qd6+ 25. Kg1 Qxb6 26. Ne2 Rd7 27. Rd2 Qa5 28. Qd1 Rad8 29. Bf5 Rc7 30. Rxc7 Qxc7 31. b4 Qb6 32. Rd4 Rd6 33. Nc3 Qc6 34. Qd2 Ne8 35. b5 axb5 36. axb5 Qc5 37. Qd3 Nc7 38. Bh7+ Kf8 39. Bf5 Rd8 40. Bg4 Re8 41. Kh2 Qb6 1-0

[Event "Styrian op U14/18 19th"]
[Site "Mureck"]
[Date "2012.08.06"]
[Round "6"]
[White "Opalic, David"]
[Black "Schnider, Manuel"]
[Result "1-0"]
[WhiteElo "1705"]
[BlackElo "1672"]
[PlyCount "51"]
[EventDate "2012.08.01"]
[EventType "swiss"]
[EventRounds "9"]
[EventCountry "AUT"]
[SourceTitle "EXT 2014"]
[Source "ChessBase"]
[SourceDate "2013.11.20"]
[SourceVersion "1"]
[SourceVersionDate "2013.11.20"]
[SourceQuality "1"]

1. e4 c5 2. c3 d5 3. exd5 Qxd5 4. d4 cxd4 5. cxd4 Nc6 6. Nf3 Bg4 7. Be2 Nf6 8. Nc3 Qa5 9. 0-0 e6 10. Bf4 Bb4 11. Nb5 0-0 12. a3 Be7 13. b4 Qd8 14. h3 Bh5 15. Rc1 Nd5 16. Bg3 a6 17. Nc3 Nxc3 18. Rxc3 Bf6 19. Rd3 Ne7 20. Qd2 Rc8 21. Ne5 Bxe2 22. Qxe2 Nd5 23. Ng4 Qb6 24. Be5 Bxe5 25. dxe5 h5 26. Nf6+ 1-0

[Event "Styrian op U14/18 19th"]
[Site "Mureck"]
[Date "2012.08.04"]
[Round "4"]
[White "Opalic, David"]
[Black "Khalakhan, Jurij"]
[Result "1/2-1/2"]
[WhiteElo "1705"]
[BlackElo "1488"]
[PlyCount "84"]
[EventDate "2012.08.01"]
[EventType "swiss"]
[EventRounds "9"]
[EventCountry "AUT"]
[SourceTitle "EXT 2014"]
[Source "ChessBase"]
[SourceDate "2013.11.20"]
[SourceVersion "1"]
[SourceVersionDate "2013.11.20"]
[SourceQuality "1"]

1. e4 e5 2. Nf3 Nc6 3. Bc4 Bc5 4. 0-0 Nf6 5. d3 h6 6. Nbd2 0-0 7. c3 Re8 8. h3 d6 9. Re1 Bb6 10. Nf1 Ne7 11. Ng3 Ng6 12. Be3 Bxe3 13. fxe3 Rf8 14. d4 Qe7 15. Qd2 c6 16. Nf5 Qc7 17. Bd3 d5 18. Qc2 Re8 19. N3h4 Nxh4 20. Nxh4 exd4 21. exd4 Qg3 22. Nf3 dxe4 23. Bxe4 Nxe4 24. Rxe4 Rxe4 25. Qxe4 Bxh3 26. Nd2 Qg4 27. Re1 Qxe4 28. Rxe4 Be6 29. c4 Rd8 30. b3 Kf8 31. Nf3 Ke7 32. Kf2 a6 33. Ne5 f5 34. Rh4 Kf6 35. Ke3 Bg8 36. Rf4 h5 37. g4 hxg4 38. Nxg4+ Kg5 39. Ne5 Re8 40. Rf1 Kf6 41. Rg1 g5 42. Rh1 Bf7 1/2-1/2

[Event "Styrian op U14/18 19th"]
[Site "Mureck"]
[Date "2012.08.02"]
[Round "2"]
[White "Opalic, David"]
[Black "Petauer, Eva"]
[Result "1/2-1/2"]
[WhiteElo "1705"]
[BlackElo "1529"]
[PlyCount "51"]
[EventDate "2012.08.01"]
[EventType "swiss"]
[EventRounds "9"]
[EventCountry "AUT"]
[SourceTitle "EXT 2014"]
[Source "ChessBase"]
[SourceDate "2013.11.20"]
[SourceVersion "1"]
[SourceVersionDate "2013.11.20"]
[SourceQuality "1"]

1. e4 e5 2. Nf3 Nc6 3. Bb5 Bc5 4. c3 Nge7 5. 0-0 Bb6 6. d4 exd4 7. cxd4 d5 8. exd5 Nxd5 9. Re1+ Be6 10. Bxc6+ bxc6 11. Qa4 Qd6 12. Nc3 0-0 13. Ne4 Qb4 14. Qxc6 Bxd4 15. a3 Qb6 16. Qxb6 Bxb6 17. Neg5 Bf5 18. Re5 Be6 19. Nxe6 fxe6 20. Rxe6 Rae8 21. Rxe8 Rxe8 22. Bd2 Re2 23. Rf1 Nf6 24. Bc3 Ne4 25. Nd4 Nxc3 26. bxc3 1/2-1/2